000
00329nam a22001337a 4500
008
160613b xxu||||| |||| 00| 0 eng d
020
_a
2901582553596
020
_a
9781582553597
020
_a
1582553599
041
_a
eng
080
_a
618.2
245
_a
Maternal neuvborn nursing:
_c
arbara R. Stright RN,PHD;
942
_2
udc
_c
BK
999
_c
2493
_d
2493